000 00698cam a22002293a 4500
001 18347
003 PGUSA
005 20140828083406.0
008 060508s2006||||xxu|||||s|||||000 | eng d
040 _aPGUSA
_beng
042 _adc
050 4 _aZ
100 1 _aCarnegie Library of Pittsburgh
245 1 0 _aCarnegie Library of Pittsburgh Debate Index :
_bSecond Edition
_h[electronic resource] /
_cCarnegie Library of Pittsburgh
260 _bProject Gutenberg,
_c2006
506 _aPublic domain in the USA.
516 _aElectronic text
653 _aSocial problems -- Bibliography
830 0 _aProject Gutenberg
_v18347
856 4 0 _uhttp://www.gutenberg.org/ebooks/18347
942 _cEB
999 _c247602
_d247602